Sur

Ambientada luego del fin de la última dictadura cívico-militar argentina (1976-1983) y durante el regreso a la democracia, la historia se centra en la liberación de Floreal, un preso político, y su vida posterior. Su nuevo presente nos habla del reencuentro y de la amistad. Es el triunfo de la vida...

Descripción completa

Guardado en:
Autor Principal: Solanas, Fernando "Pino".
Autor Corporativo: Canal+.
Otros Autores: Piazzolla, Astor; Música., Páez, Fito; Música., Pecoraro, Susú; Reparto., Solá, Miguel Ángel; Reparto., Cruz, Lito; Reparto., Dumont, Ulises; Reparto., Goyeneche, Roberto; Reparto., Monti, Félix; Fotografía.
Formato: Deslizar
Idioma:Undetermined
Publicado: Argentina : Bac Films, 1988.
Materias:
Etiquetas: Agregar Etiqueta
Sin Etiquetas, Sea el primero en etiquetar este registro!
LEADER 01529ngm a22002895a 4500
001 CEM.cems020445
008 230914s1988####xx#---############vlund#d
005 20230914190308.0
245 1 0 |a Sur  |h [videograbación] /  |c Fernando "Pino" Solanas. 
260 |a Argentina :  |b Bac Films,  |c 1988. 
300 |a 122'. 
520 |a Ambientada luego del fin de la última dictadura cívico-militar argentina (1976-1983) y durante el regreso a la democracia, la historia se centra en la liberación de Floreal, un preso político, y su vida posterior. Su nuevo presente nos habla del reencuentro y de la amistad. Es el triunfo de la vida sobre la muerte, del amor sobre el rencor, de la libertad sobre la opresión, del deseo sobre el temor. Sur nos cuenta una historia de amor. Es el amor de la pareja y es también una historia de amor por un país. Es la historia de un regreso. 
590 |a Identificación anterior: 152 
538 |a Soporte: DVD -- Formato: MPEG – Peso: 690mb -- Resolución: 320 x 240 -- 25fps 
100 1 |a Solanas, Fernando "Pino". 
700 1 |a Piazzolla, Astor; Música. 
700 1 |a Páez, Fito; Música. 
700 1 |a Pecoraro, Susú; Reparto. 
700 1 |a Solá, Miguel Ángel; Reparto. 
700 1 |a Cruz, Lito; Reparto. 
700 1 |a Dumont, Ulises; Reparto. 
700 1 |a Goyeneche, Roberto; Reparto. 
700 1 |a Monti, Félix; Fotografía. 
710 2 |a Canal+. 
653 |a LARGOMETRAJE 
653 |a FICCIÓN 
859 |a CEMS  |b BIB. CEMS - Depto. Recursos Didacticos  |h 778.5  |i SOL-2  |k DRD  |p 3107.23  |t Ej.1